Beyond the street corner: understanding urban street gang membership

Gespeichert in:  
Bibliographische Detailangaben
1. VerfasserIn: Hesketh, Robert F. (Verfasst von)
Medienart: Druck Buch
Sprache:Englisch
Veröffentlicht: Cham, Switzerland Palgrave MacMillan [2024]
In:Jahr: 2024
Online-Zugang: Inhaltsverzeichnis
Klappentext
Bestand in Tübingen:In Tübingen vorhanden.
UB: KB 21 A 5035
Verfügbarkeit prüfen: HBZ Gateway
Subito Bestelldienst: Jetzt bestellen.

MARC

LEADER 00000cam a2200000 c 4500
001 1912239000
003 DE-627
005 20260224225114.0
007 tu
008 241213s2024 sz ||||| 00| ||eng c
020 |a 3031752384 
020 |a 9783031752384 
035 |a (DE-627)1912239000 
035 |a (DE-599)KXP1912239000 
035 |a (OCoLC)1569676056 
040 |a DE-627  |b ger  |c DE-627  |e rda 
041 |a eng 
044 |c XA-CH 
072 7 |a JKVQ2  |2 bicssc 
072 7 |a SOC004000  |2 bisacsh 
082 0 |a 364.36  |q SEPA  |2 23 
084 |a 2,1  |2 ssgn 
100 1 |a Hesketh, Robert F.  |e VerfasserIn  |0 (DE-588)1355486025  |0 (DE-627)1916572928  |4 aut 
109 |a Hesketh, Robert F.  |a Hesketh, Robert 
245 1 0 |a Beyond the street corner  |b understanding urban street gang membership  |c Robert F. Hesketh 
264 1 |a Cham, Switzerland  |b Palgrave MacMillan  |c [2024] 
300 |a xix, 274 Seiten  |b Illustrationen 
336 |a Text  |b txt  |2 rdacontent 
337 |a ohne Hilfsmittel zu benutzen  |b n  |2 rdamedia 
338 |a Band  |b nc  |2 rdacarrier 
490 0 |a Palgrave studies in risk, crime and society 
583 1 |a Archivierung/Langzeitarchivierung gewährleistet  |f FID  |x XA-DE-BW  |2 pdager  |5 DE-21 
776 1 |z 9783031752391  |c eBook 
856 4 2 |u https://swbplus.bsz-bw.de/bsz1912239000inh.htm  |m V:DE-576  |m B:DE-Frei85  |v 20250212193335  |3 Inhaltsverzeichnis  |7 1 
856 4 2 |u https://swbplus.bsz-bw.de/bsz1912239000kla.htm  |m V:DE-576  |m B:DE-21  |v 20260224200435  |3 Klappentext  |7 1 
935 |a mkri 
951 |a BO 
ELC |b 1 
LOK |0 000 xxxxxcx a22 zn 4500 
LOK |0 001 4855657778 
LOK |0 003 DE-627 
LOK |0 004 1912239000 
LOK |0 005 20260219110445 
LOK |0 008 260121||||||||||||||||ger||||||| 
LOK |0 040   |a DE-21  |c DE-627  |d DE-21 
LOK |0 852   |a DE-21 
LOK |0 852 1  |c KB 21 A 5035  |9 00 
LOK |0 935   |a krim 
LOK |0 938   |a 2602  |f 34 
LOK |0 939   |a 21-01-26  |b l01 
LOK |0 000 xxxxxcx a22 zn 4500 
LOK |0 001 4635309002 
LOK |0 003 DE-627 
LOK |0 004 1912239000 
LOK |0 005 20250206111953 
LOK |0 008 241213||||||||||||||||ger||||||| 
LOK |0 040   |a DE-Frei85  |c DE-627  |d DE-Frei85 
LOK |0 852   |a DE-Frei85 
LOK |0 852 1  |m p  |9 00 
LOK |0 938   |k p 
LOK |0 939   |a 13-12-24  |b l01 
ORI |a WA-MARC-krimdoka001.raw 
SIG |a UB: KB 21 A 5035